Normal view
MARC view
Entry Personal Name
001 - CONTROL NUMBER
- control field: 29068
003 - CONTROL NUMBER IDENTIFIER
- control field: ARRUPE
005 - DATE AND TIME OF LATEST TRANSACTION
- control field: 20170224092415.0
008 - FIXED-LENGTH DATA ELEMENTS
- fixed length control field: 170224|| aca||aabn | a|a d
040 ## - CATALOGING SOURCE
- Original cataloging agency: ARRUPE
- Transcribing agency: ARRUPE
100 ## - HEADING--PERSONAL NAME
- Personal name: Schmidt, Heinz Werner,
- Dates associated with a name: 1916-
670 ## - SOURCE DATA FOUND
- Source citation: Work cat.: (ARRUPE)0: Schmidt, Heinz Werner, 1916-, With Rommel in the desert., [1951]